A new era for the waterways (Record no. 112129)

MARC details
000 -LEADER
fixed length control field 01343cad a22001935a 4500
001 - CONTROL NUMBER
control field L152586
008 - FIXED-LENGTH DATA ELEMENTS--GENERAL INFORMATION
fixed length control field 110330s2011 xxk f 000 0 eng d
035 ## - SYSTEM CONTROL NUMBER
System control number (Sirsi) u152586
041 0# - LANGUAGE CODE
Language code of text/sound track or separate title eng
110 2# - MAIN ENTRY--CORPORATE NAME
Corporate name or jurisdiction name as entry element United Kingdom
Subordinate unit Department for Environment, Food and Rural Affairs
245 02 - TITLE STATEMENT
Title A new era for the waterways
Remainder of title a consultation on the Government's proposals for moving inland waterways into a new charity in England and Wales
Medium [electronic resource]
260 ## - PUBLICATION, DISTRIBUTION, ETC.
Place of publication, distribution, etc. London
Name of publisher, distributor, etc. DEFRA
Date of publication, distribution, etc. 2011
520 ## - SUMMARY, ETC.
Summary, etc. Consultation seeks view on creation of a new charity to manage Britain?s publicly owned inland waterways currently managed by British Waterways. This is hoped to secure the waterways long term financial future by enabled access to new sources of income and encourage a more active base of volunteers who can help maintain the waterways using their expertise, passion and knowledge. The consultation closes on 30 June 2011 and the new charity is expected to be created in April 2012 subject to the passage of the Public Bodies Bill.
590 ## - LOCAL NOTE (RLIN)
Local note KA NTK
651 #4 - SUBJECT ADDED ENTRY--GEOGRAPHIC NAME
Geographic name ENGLAND AND WALES
690 ## - LOCAL SUBJECT ADDED ENTRY--TOPICAL TERM (OCLC, RLIN)
Topical term or geographic name as entry element PROPERTY-INFRASTRUCTURE-WATER TRANSPORT AND PROTECTION INFRASTRUCTURE
856 40 - ELECTRONIC LOCATION AND ACCESS
Uniform Resource Identifier <a href="https://www.defra.gov.uk/corporate/consult/waterways-1103/110330-waterways-condoc.pdf">https://www.defra.gov.uk/corporate/consult/waterways-1103/110330-waterways-condoc.pdf</a>
Public note View the item free of charge at www.defra.gov.uk
942 ## - ADDED ENTRY ELEMENTS (KOHA)
Suppress in OPAC 0
Holdings
Withdrawn status Lost status Source of classification or shelving scheme Damaged status Not for loan Home library Current library Shelving location Date acquired Total Checkouts Full call number Barcode Date last seen Copy number Price effective from Koha item type
    Dewey Decimal Classification     Virtual Virtual Online 30/03/2011   ONLINE PUBLICATION 152586-2001 06/08/2019 1 06/08/2019 Book